LIBRARY ONLINE CATALOGUE

Constitutional and administrative law / (Record no. 11401)

MARC details
000 -LEADER
fixed length control field 00870cam a22002532 4500
001 - CONTROL NUMBER
control field 0000020911
005 - DATE AND TIME OF LATEST TRANSACTION
control field 20151217154450.0
008 - FIXED-LENGTH DATA ELEMENTS--GENERAL INFORMATION
fixed length control field 111114s xx 000 0 eng d
020 ## - INTERNATIONAL STANDARD BOOK NUMBER
International Standard Book Number 1405873505
040 ## - CATALOGING SOURCE
Original cataloging agency KABU
Transcribing agency KABU
100 1# - MAIN ENTRY--PERSONAL NAME
Personal name Bradley, A. W.
-- 0000177722
245 10 - TITLE STATEMENT
Title Constitutional and administrative law /
Statement of responsibility, etc. A. W. Bradley, K. D. Ewing.
250 ## - EDITION STATEMENT
Edition statement 15th ed.
260 ## - PUBLICATION, DISTRIBUTION, ETC. (IMPRINT)
Place of publication, distribution, etc. Harlow, England :
Name of publisher, distributor, etc. Pearson,
Date of publication, distribution, etc. 2011.
300 ## - PHYSICAL DESCRIPTION
Extent lxxv, 804 p.
650 #0 - SUBJECT ADDED ENTRY--TOPICAL TERM
Topical term or geographic name as entry element Constitutional Law
Geographic subdivision Great Britain.
-- 0000160154
650 #0 - SUBJECT ADDED ENTRY--TOPICAL TERM
Topical term or geographic name as entry element Administrative law
Geographic subdivision Great Britain.
-- 0000160153
700 1# - ADDED ENTRY--PERSONAL NAME
Personal name Ewing, K. D.
-- 0000160357
852 1# - LOCATION
-- p5578 KES
852 1# - LOCATION
-- p5578 KES
852 1# - LOCATION
-- p5578 KES
908 ## - PUT COMMAND PARAMETER (RLIN)
Put command parameter 111114
950 ## - LOCAL HOLDINGS (RLIN)
-- 1
Holdings
Withdrawn status Lost status Source of classification or shelving scheme Not for loan Home library Current library Date acquired Total Checkouts Total Renewals Full call number Barcode Date last seen Date last checked out Price effective from Koha item type
    Library of Congress Classification   Kabarak, Main Campus Kabarak, Main Campus 17/12/2015 6 1 KD3930 .B73 2011 c. 3 19880 02/02/2024 17/01/2024 17/12/2015 General Collection
    Library of Congress Classification   Kabarak, Main Campus Kabarak, Main Campus 17/12/2015 10 1 KD3930 .B73 2011 c. 1 19884 02/02/2024 17/01/2024 17/12/2015 General Collection
    Library of Congress Classification   Kabarak, Main Campus Kabarak, Main Campus 17/12/2015 6 1 KD3930 .B73 2011 c. 2 19879 18/11/2025 01/11/2025 17/12/2015 General Collection